कबीर दास : (Record no. 52087)

MARC details
000 -LEADER
fixed length control field 00592nam a2200181Ia 4500
005 - DATE AND TIME OF LATEST TRANSACTION
control field 20260429112041.0
008 - FIXED-LENGTH DATA ELEMENTS--GENERAL INFORMATION
fixed length control field 260429s9999||||xx |||||||||||||| ||und||
020 ## - INTERNATIONAL STANDARD BOOK NUMBER
International Standard Book Number 9789387261136
041 ## - LANGUAGE CODE
Language Hindi
082 ## - DEWEY DECIMAL CLASSIFICATION NUMBER
Classification number 891.438
Item number SHA
100 ## - MAIN ENTRY--PERSONAL NAME
Personal name शर्मा, जे.पी.
245 #0 - TITLE STATEMENT
Title कबीर दास :
Remainder of title जीवन और दर्शन /
Statement of responsibility, etc जे.पी. शर्मा
250 ## - EDITION STATEMENT
Edition statement rev.
260 ## - PUBLICATION, DISTRIBUTION, ETC. (IMPRINT)
Place of publication, distribution, etc दिल्ली :
Name of publisher, distributor, etc एकैडमिक पब्लिकेशन,
Date of publication, distribution, etc 2026.
300 ## - PHYSICAL DESCRIPTION
Extent 243 p.; Hb
650 ## - SUBJECT ADDED ENTRY--TOPICAL TERM
Topical term or geographic name as entry element हिंदी गद्य
942 ## - ADDED ENTRY ELEMENTS (KOHA)
Koha item type Text Books
Holdings
Withdrawn status Lost status Damaged status Not for loan Collection code Home library Location Shelving location Date of Cataloging Source of acquisition Total Checkouts Full call number Barcode Date last seen Price effective from Koha item type
        Non-fiction CUTN Central Library CUTN Central Library Literature 29/04/2026 Kiran Book Service, New Delhi - Invoice No. IN-00113 on 09-02-2026   891.438 SHA 57162 29/04/2026 29/04/2026 Text Books